| 000 | 00395nam a2200157Ia 4500 | ||
|---|---|---|---|
| 008 | 230711s9999||||xx |||||||||||||| ||und|| | ||
| 020 | _a978-81-261-4714-4 | ||
| 041 | _aENG | ||
| 082 |
_a581.1 _bHU-P |
||
| 100 | _aHussain, G. Jahir | ||
| 245 | 0 | _aElements of Plant Physiology | |
| 260 |
_c2011 _aNew Delhi _bAnmol Publication(P) Ltd. |
||
| 300 | _a278p. | ||
| 650 | _aAgriculture | ||
| 942 | _cBK | ||
| 999 |
_c7552 _d7552 |
||